<?xml version="1.0" encoding="UTF-8"?>
<marc:record xmlns:marc="http://www.loc.gov/MARC21/slim">
   <marc:leader>00000nam a2200000 a 4500</marc:leader>
   <marc:datafield ind1="1" ind2=" " tag="100">
      <marc:subfield code="a">Poznanski, Ursula</marc:subfield>
      <marc:subfield code="4">aut</marc:subfield>
      <marc:subfield code="e">Verfasser/-in</marc:subfield>
   </marc:datafield>
   <marc:datafield ind1=" " ind2=" " tag="653">
      <marc:subfield code="a">Thriller</marc:subfield>
   </marc:datafield>
   <marc:datafield ind1=" " ind2=" " tag="653">
      <marc:subfield code="a">Österreichische AutorInnen</marc:subfield>
   </marc:datafield>
   <marc:datafield ind1=" " ind2=" " tag="653">
      <marc:subfield code="a">Spannung</marc:subfield>
   </marc:datafield>
   <marc:datafield ind1="0" ind2="0" tag="245">
      <marc:subfield code="a">Das Signal</marc:subfield>
   </marc:datafield>
   <marc:datafield ind1="0" ind2="0" tag="245">
      <marc:subfield code="b">Thriller</marc:subfield>
   </marc:datafield>
   <marc:datafield ind1="0" ind2="0" tag="245">
      <marc:subfield code="c">Ursula Poznanski</marc:subfield>
   </marc:datafield>
   <marc:datafield ind1=" " ind2="1" tag="264">
      <marc:subfield code="a">München</marc:subfield>
      <marc:subfield code="b">Knaur</marc:subfield>
      <marc:subfield code="c">2026</marc:subfield>
   </marc:datafield>
   <marc:datafield ind1="1" ind2=" " tag="520">
      <marc:subfield code="a">Quelle: bn.bibliotheksnachrichten (http://www.biblio.at/literatur/bn/index.html); &lt;br/&gt;Autor: Petra Auer; &lt;br/&gt;Eine Frau, die nicht aufgibt: Wenn aus Hilflosigkeit »Kreativität« wird. (DR)&lt;br/&gt;Adam und Viola sind ein modernes Paar  er Marktforscher und gefeierter Fernsehstar, sie erfolgreiche Dekorateurin und Innenausstatterin. Ein Unfall im Keller des gemeinsamen Hauses hat schwerwiegende Folgen, Viola verliert ein Bein. An das Unglück hat sie keine Erinnerung, allerdings tauchen immer wieder Flash-backs auf und hinterlassen eine beängstigende Ahnung. Nach der Entlassung aus dem Krankenhaus hat Adams Fürsorge etwas Zwanghaftes, Überbesorgtes  fast scheint es, als will er ihre Bemühungen selbständig zu werden, bremsen. Sie spürt eine bis dato nie gekannte Distanz. Viola beginnt ihren Mann zu tracken und Ungereimtheiten im Tagesablauf werden schnell ersichtlich. Warum belügt er sie? Ist sie in Gefahr? Weiß er von ? Denn auch Viola hat ein gefährliches Geheimnis.&lt;br/&gt;Mit diesem rasant erzählten Thriller lässt uns Ursula Poznanski die Einsamkeit der Ich-Erzählerin Viola fast körperlich spüren. Subtil und mit wenigen Sätzen gelingt es ihr, Zweifel an den Absichten des Ehemannes zu säen. Detailreich schildert sie uns den Tagesablauf von Viola, samt gut recherchierten Einblicken in Rehabilitation und Prothetik. Die von ihr beschriebenen winzigen Tracker gibt es in dieser Form (noch) nicht, trotzdem ein beängstigendes Szenario. Obwohl sich die Handlung praktisch nur in diesem einen Haus abspielt, wird die unheilvolle Spannung konsequent hochgehalten. Anspielungen an ein Ereignis in der Vergangenheit tragen dazu bei, das Buch nicht mehr aus der Hand legen zu wollen. Der Showdown am Ende rundet das Lesevergnügen in perfektem Maße ab. Allen Bibliotheken wärmstens empfohlen.</marc:subfield>
   </marc:datafield>
   <marc:datafield ind1=" " ind2=" " tag="020">
      <marc:subfield code="a">9783426568125</marc:subfield>
      <marc:subfield code="9">9783426568125</marc:subfield>
   </marc:datafield>
   <marc:datafield ind1=" " ind2=" " tag="041">
      <marc:subfield code="a">ger</marc:subfield>
   </marc:datafield>
   <marc:datafield ind1="1" ind2=" " tag="521">
      <marc:subfield code="a">0</marc:subfield>
   </marc:datafield>
   <marc:datafield ind1=" " ind2=" " tag="300">
      <marc:subfield code="a">398 Seiten</marc:subfield>
   </marc:datafield>
</marc:record>
